Obra completa / (Record no. 89078)

MARC details
000 -LEADER
campo de control de longitud fija 00894nam a2200277 i 4500
001 - NÚMERO DE CONTROL
campo de control 89078
003 - IDENTIFICADOR DE NÚMERO DE CONTROL
campo de control ES-MaACL
005 - FECHA Y HORA DE LA ÚLTIMA TRANSACCIÓN
campo de control 20250824222028.0
007 - CAMPO FIJO DE DESCRIPCIÓN FÍSICA--INFORMACIÓN GENERAL
campo de control de longitud fija t|
008 - DATOS DE LONGITUD FIJA--INFORMACIÓN GENERAL
campo de control de longitud fija 050127s2002 sp ||||1| spa d
020 ## - NÚMERO INTERNACIONAL ESTÁNDAR DEL LIBRO
Número Internacional Estándar del Libro 84-7844-200-6
080 ## - NÚMERO DE LA CLASIFICACIÓN DECIMAL UNIVERSAL
Número de la Clasificación Decimal Universal 821.134.2-82"19"
100 1# - ENTRADA PRINCIPAL--NOMBRE DE PERSONA
Nombre de persona Cernuda, Luis,
Fechas asociadas al nombre 1902-1963
9 (RLIN) 37529
245 10 - MENCIÓN DEL TÍTULO
Título Obra completa /
Mención de responsabilidad, etc. Luis Cernuda ; edición a cargo de Derek Harris y Luis Maristany.
260 ## - PUBLICACIÓN, DISTRIBUCIÓN, ETC.
Lugar de publicación, distribución, etc. Madrid :
Nombre del editor, distribuidor, etc. Siruela,
Fecha de publicación, distribución, etc. 2002.
300 ## - DESCRIPCIÓN FÍSICA
Extensión 3 v. ;
Dimensiones 23 cm.
490 1# - MENCIÓN DE SERIE
Mención de serie Libros del tiempo ;
Designación de volumen o secuencia 57 ; 66 ; 72
500 ## - NOTA GENERAL
Nota general Indices.
504 ## - NOTA DE BIBLIOGRAFÍA, ETC.
Nota de bibliografía, etc. Bibliografía.
505 8# - NOTA DE CONTENIDO CON FORMATO
Nota de contenido con formato vol. I: Poesía completa. -- vol. II: Prosa I. -- vol. III: Prosa II
700 1# - ENTRADA AGREGADA--NOMBRE PERSONAL
Nombre de persona Harris, Derek.
9 (RLIN) 61907
700 1# - ENTRADA AGREGADA--NOMBRE PERSONAL
Nombre de persona Maristany, Luis.
9 (RLIN) 76898
830 00 - PUNTO DE ACCESO ADICIONAL DE SERIE-TÍTULO UNIFORME
Título uniforme Libros del tiempo (Siruela)
Designación de volumen o secuencia 57 ; 66 ; 72
9 (RLIN) 233603
852 ## - LOCALIZACIÓN
Ubicación ES-MaACL
Número de control de estantería L-28720-22
Sublocalización o colección R.135185
Holdings
Estatus retirado Estado de pérdida Estado de daño No para préstamo Biblioteca de origen Biblioteca actual Ubicación en estantería Fecha de adquisición Fuente de adquisición Total de préstamos Signatura topográfica completa Código de barras Visto por última vez Precio de reemplazo Tipo de ítem Koha
        Biblioteca del Ateneo de Madrid Biblioteca del Ateneo de Madrid Depósito 2 17/01/2008     L-28720-22 1093033 23/02/2023 23/02/2023 Libro impreso